La virginidad perpetua de Santa María / (Registro nro. 171383)

Detalles MARC
000 -LEADER
campo de control de longitud fija 01085nam a2200253 i 4500
001 - NÚMERO DE CONTROL
campo de control 171383
003 - IDENTIFICADOR DE NÚMERO DE CONTROL
campo de control ES-MaACL
005 - FECHA Y HORA DE LA ÚLTIMA TRANSACCIÓN
campo de control 20250819063108.0
008 - DATOS DE LONGITUD FIJA--INFORMACIÓN GENERAL
campo de control de longitud fija 090513s1971 sp |||| | spa d
017 ## - NÚMERO DE COPYRIGHT O DE DEPÓSITO LEGAL
Número de copyright o de depósito legal M 11375-1971
100 0# - ENTRADA PRINCIPAL--NOMBRE DE PERSONA
Nombre de persona Ildefonso,
Títulos y otros términos asociados al nombre Santo
9 (RLIN) 65173
245 10 - MENCIÓN DEL TÍTULO
Título La virginidad perpetua de Santa María /
Mención de responsabilidad, etc. historia de su tradición manuscrita, texto y comentario gramatical y estilístico por Vicente Blanco García
Resto del título . El conocimiento del bautismo. El camino del desierto / versión, introducción y notas de Julio Campos Ruiz.
260 ## - PUBLICACIÓN, DISTRIBUCIÓN, ETC.
Lugar de publicación, distribución, etc. Madrid :
Nombre del editor, distribuidor, etc. [La Editorial Católica],
Fecha de publicación, distribución, etc. 1971.
300 ## - DESCRIPCIÓN FÍSICA
Extensión XII, 1 h. ;
Dimensiones 20 cm.
490 1# - MENCIÓN DE SERIE
Mención de serie Biblioteca de autores cristianos ;
Designación de volumen o secuencia 320
490 1# - MENCIÓN DE SERIE
Mención de serie Santos Padres Españoles ;
Designación de volumen o secuencia 1
546 ## - NOTA DE IDIOMA
Nota de lengua/lenguaje Texto latino y traducción en español.
700 1# - ENTRADA AGREGADA--NOMBRE PERSONAL
Nombre de persona Blanco García, Vicente.
9 (RLIN) 29259
700 1# - ENTRADA AGREGADA--NOMBRE PERSONAL
Nombre de persona Campos Ruiz, Julio.
9 (RLIN) 140049
830 00 - PUNTO DE ACCESO ADICIONAL DE SERIE-TÍTULO UNIFORME
Título uniforme Biblioteca de autores cristianos
Designación de volumen o secuencia 320
9 (RLIN) 178679
830 0# - PUNTO DE ACCESO ADICIONAL DE SERIE-TÍTULO UNIFORME
Título uniforme Santos Padres Españoles ;
Designación de volumen o secuencia 1
9 (RLIN) 189018
852 ## - LOCALIZACIÓN
Ubicación ES-MaACL
Número de control de estantería J-313
itemnumber R.46092
Existencias
Estatus retirado Estado de pérdida Estado de daño No para préstamo Biblioteca de origen Biblioteca actual Ubicación en estantería Fecha de adquisición Fuente de adquisición Total de préstamos Signatura topográfica completa Código de barras Visto por última vez Precio de reemplazo Tipo de ítem Koha
        Biblioteca del Ateneo de Madrid Biblioteca del Ateneo de Madrid Depósito 2 13/05/2009     J-313 1179858 23/02/2023 23/02/2023 Libro impreso